Clubs Harry Kane Has Played For - Statistics

General Stats
  • This quiz has been taken 69 times
  • The average score is 3 of 5
Answer Stats
Years Answer % Correct
2009-present Tottenham Hotspur
98%
2013 Leicester City
60%
2012-13 Norwich City
53%
2012 Millwall
34%
2011 Leyton Orient
33%
No matching quizzes found
Score Distribution
Percent of People with Each Score
Percentile by Number Answered
Your Score History
You have not taken this quiz